000 00606nam a2200229Ia 4500
003 OSt
005 20221005115017.0
006 a|||||r|||| 00| 0
007 ta
008 221004b |||||||| |||| 00| 0 eng d
024 _a52379
037 _cTextual
040 _aCRL
_cCRL
_beng
041 _2eng
_aeng
082 _aQ60Q2, A
100 _aJacolliot M Louis Tr.
_9626980
245 0 _aBible in India
_b Hindoo origin of Hebrew and Christian revelation
260 _c1870
650 _aRELIGION
942 _hQ60Q2, A
_cTEXL
_2cc
999 _c1033147
_d1033147